Statistiques concernant Conversion rapide du décimal au binaire

Cliquez ici pour prendre le quiz!

Statistiques générales

  • Ce quiz a été pris 5 016 fois
  • Le résultat moyen est 11 sur 20

Statistiques - réponses

décimalbinaire% Correct
11
84%
210
76%
311
74%
4100
69%
5101
69%
81000
65%
6110
64%
91001
63%
7111
62%
121100
61%
101010
58%
1610000
57%
151111
57%
111011
56%
131101
53%
141110
52%
1810010
51%
1710001
50%
2010100
50%
32100000
49%
1910011
46%
2411000
44%
2210110
43%
2310111
41%
3011110
41%
34100010
39%
35100011
39%
37100101
39%
2110101
38%
3111111
38%
40101000
36%
2811100
36%
47101111
35%
48110000
35%
50110010
35%
62111110
35%
38100110
34%
2711011
34%
2611010
33%
33100001
32%
36100100
32%
56111000
32%
44101100
31%
43101011
30%
49110001
30%
63111111
30%
39100111
29%
2511001
29%
51110011
29%
2911101
29%
41101001
28%
45101101
28%
46101110
27%
59111011
27%
42101010
26%
53110101
26%
55110111
26%
60111100
26%
54110110
25%
57111001
24%
61111101
19%
58111010
16%
52110100
15%

Distribution des résultats

Percentile par nombre de réponses

% des personnes avec chaque résultat

Votre développement - résultats

Vous n’avez pas pris ce quiz